[Event "Ch Azerbaijan"]
[Site "masterchessopen.com Baku (Azerbaijan)"]
[Round "0"]
[White "Maharramzade Javad (AZE)"]
[Black "Zulfugarli Magomed (AZE)"]
[Result "1/2-1/2"]
[WhiteElo "2433"]
[BlackElo "2510"]

1.d4 Nf6 2.Nf3 e6 3.c4 d5 4.g3 dxc4 5.Bg2 c5 6.O-O Nc6 7.Ne5 Bd7 8.Na3 cxd4
9.Naxc4 Nxe5 10.Nxe5 Qb6 11.Nxd7 Nxd7 12.Qa4 Qb4 13.Qxb4 Bxb4 14.Bxb7 Rb8
15.Bc6 Rb6 16.Bxd7+ Kxd7 17.Rd1 Bc5 18.b4 Rxb4 19.Ba3 {#d} 1/2-1/2

[Event "It (open)"]
[Site "masterchessopen.com Leutersdorf (Germany)"]
[Round "8"]
[White "Ksieski Zbigniew (POL)"]
[Black "Piasecki Guenter (GER)"]
[Result "1-0"]
[WhiteElo "2377"]
[BlackElo "2119"]

1.d4 Nf6 2.c4 e6 3.g3 d5 4.Nf3 dxc4 5.Bg2 c5 6.O-O Nbd7 7.Na3 cxd4 8.Nxc4 Be7
9.Qxd4 O-O 10.Rd1 Bc5 {#r} 1-0

[Event "It (open)"]
[Site "masterchessopen.com Bad Harzburg (Germany)"]
[Date "2000.11.03"]
[Round "4"]
[White "Ksieski Zbigniew (POL)"]
[Black "Enders Peter (GER)"]
[Result "1-0"]
[WhiteElo "2377"]
[BlackElo "2468"]

1.d4 Nf6 2.c4 e6 3.g3 d5 4.Bg2 dxc4 5.Nf3 c5 6.O-O Nc6 7.Ne5 Nxe5 8.dxe5 Nd5
9.Na3 Bd7 10.Nxc4 Bc6 11.e4 Nb6 12.Nd6+ Bxd6 13.exd6 Nc4 14.Qc2 Nxd6 15.Rd1
Qe7 16.Be3 b6 17.Bxc5 bxc5 18.Qxc5 Qb7 19.Qxd6 {#r} 1-0

[Event "Ch Braunfels"]
[Site "masterchessopen.com Braunfels (Germany)"]
[Round "3"]
[White "Ewin Hans-Peter (GER)"]
[Black "Zelba Maurizio (GER)"]
[Result "1-0"]
[WhiteElo "2054"]
[BlackElo "2083"]

1.Nf3 Nf6 2.c4 e6 3.g3 d5 4.d4 dxc4 5.Bg2 c5 6.Qa4+ Bd7 7.Qxc4 Nc6 8.O-O Rc8
9.dxc5 Qa5 10.Bg5 Qxc5 11.Nbd2 Ne5 12.Qb3 Nxf3+ 13.Nxf3 Qb4 14.Ne5 Ba4 15.Qf3
Qxb2 16.Bxf6 Rg8 17.Ng4 Qb4 18.Rab1 Bc6 19.Qd3 Qxg4 20.Bxc6+ bxc6 21.Rfd1 {#r}
1-0

[Event "Bundesliga (2nd) North 2000/01"]
[Site "masterchessopen.com Germany"]
[Round "9"]
[White "Willsch Matthias (GER)"]
[Black "Heuer Thomas (GER)"]
[Result "1/2-1/2"]
[WhiteElo "2250"]
[BlackElo "2225"]

1.d4 d5 2.Nf3 Nf6 3.c4 e6 4.g3 dxc4 5.Bg2 c5 6.O-O Nc6 7.Ne5 Bd7 8.Nxc6 Bxc6
9.Bxc6+ bxc6 10.Qa4 cxd4 11.Qxc6+ Nd7 12.Qxc4 Bc5 13.Bd2 {#d} 1/2-1/2

[Event "Bundesliga (2nd) North 2001/02"]
[Site "masterchessopen.com Germany"]
[Round "9"]
[White "Pedersen Steffen (DEN)"]
[Black "Stern Rene (GER)"]
[Result "1/2-1/2"]
[WhiteElo "2441"]
[BlackElo "2468"]

1.d4 Nf6 2.c4 e6 3.Nf3 d5 4.g3 dxc4 5.Bg2 c5 6.Qa4+ Bd7 7.Qxc4 Bc6 8.O-O Nbd7
9.Be3 b5 10.Qc1 Nd5 11.Bg5 Qb6 12.e4 N5f6 13.d5 exd5 14.exd5 Bxd5 15.Re1+ Be7
16.Ne5 Bxg2 17.Nxd7 Kxd7 18.Kxg2 Qc6+ 19.Kg1 Rhe8 20.Qc2 Ne4 21.Rxe4 {#d}
1/2-1/2

[Event "Memorial A. Petrov (open)"]
[Site "masterchessopen.com St. Petersburg (Russia)"]
[Round "7"]
[White "Kruppa Yuri (UKR)"]
[Black "Zakharevich Igor (RUS)"]
[Result "1/2-1/2"]
[WhiteElo "2520"]
[BlackElo "2492"]

1.d4 Nf6 2.c4 e6 3.Nf3 d5 4.g3 dxc4 5.Bg2 c5 6.O-O Nc6 7.Ne5 Bd7 8.Na3 cxd4
9.Naxc4 Nxe5 10.Nxe5 Qb6 11.a4 Rd8 12.Bd2 Be7 13.b4 Nd5 14.Bxd5 {#d} 1/2-1/2

[Event "Ch Ukraine (juniors) (under 16)"]
[Site "masterchessopen.com Dnepropetrovsk (Ukraine)"]
[Round "3"]
[White "Pavlov Sergey (UKR)"]
[Black "Tarlev Konstantin (UKR)"]
[Result "1-0"]
[WhiteElo "2368"]
[BlackElo "2376"]

1.d4 Nf6 2.Nf3 d5 3.c4 e6 4.g3 dxc4 5.Bg2 c5 6.O-O Nc6 7.Qa4 Nd7 8.dxc5 Bxc5
9.Qxc4 a6 10.Nc3 Qe7 11.Ne4 Ba7 12.Rd1 Bb8 13.Nd4 Nde5 14.Nxc6 Nxc6 15.Be3 Bd7
16.Bc5 Qd8 17.Qb3 Qc8 18.Bd6 Ba7 19.Ba3 {#r} 1-0

[Event "Ch Russia (juniors) (under 20)"]
[Site "masterchessopen.com Samara (Russia)"]
[Date "2004.03.09"]
[Round "8"]
[White "Evdokimov Alexander A (RUS)"]
[Black "Kraev Alexei (RUS)"]
[Result "1-0"]
[WhiteElo "2455"]
[BlackElo "2368"]

1.d4 Nf6 2.c4 e6 3.g3 d5 4.Bg2 dxc4 5.Nf3 c5 6.O-O Nc6 7.Qa4 Bd7 8.Qxc4 b5
9.Qd3 Rc8 10.dxc5 Bxc5 11.Nc3 b4 12.Nb5 O-O 13.Be3 Bxe3 14.Qxe3 Nd5 15.Qd3 Rb8
16.Nd6 Qe7 17.Nc4 Rfd8 18.e3 Be8 19.Qe2 Nb6 20.Nce5 {#r} 1-0

[Event "Bundesliga 2003/04"]
[Site "masterchessopen.com Germany"]
[Date "2004.03.28"]
[Round "13"]
[White "Krasenkow Michal (POL)"]
[Black "Smagin Sergey (RUS)"]
[Result "1-0"]
[WhiteElo "2676"]
[BlackElo "2565"]

{ Krasenkow Michal (POL) +6 =7 -2 Smagin Sergey (RUS) +4 =7 -2 } 1.Nf3 { 1 }
1...d5 2.d4 Nf6 3.c4 e6 4.g3 dxc4 5.Bg2 c5 6.O-O Nc6 7.Ne5 { = } ( 7.dxc5 Qxd1
8.Rxd1 Bxc5 9.Nbd2 c3 10.bxc3 { 1/2-1/2, Krasenkow Michal 2535 - Sokolov
Andrei 2585 , Moscow 1990 It (open) } ) 7...Nd5 ( 7...Bd7 8.Nxc4 cxd4 9.Bf4
Nd5 10.Nd6+ Bxd6 11.Bxd6 Nde7 12.Nd2 O-O 13.Qb3 Bc8 14.Ba3 ( 14.Nc4 Re8 15.Bc5
Nf5 16.e4 dxe3 17.fxe3 Qg5 18.Ba3 e5 19.Nd6 Nxd6 20.Bxd6 Nd8 21.Kh1 Bd7
22.Rad1 Bc6 23.Bxc6 bxc6 24.Bc7 Ne6 25.Rd7 f6 26.Qc4 Qxe3 27.Rd6 { ...0-1,
Gelfand Boris 2713 - Karpov Anatoly 2700 , Monaco 1999 It "Melody Amber"
(blindfold) } ) 14...Re8 15.Rac1 Nf5 16.Ne4 e5 17.Nc5 Nd6 18.Bd5 Kh8 19.Nxb7
Nxb7 20.Bxc6 Na5 21.Qxf7 Nxc6 22.Rxc6 Qd7 23.Qxd7 Bxd7 24.Rc5 a6 25.Rd1 Bb5
26.Rd2 Rad8 27.Bb4 { ...1-0, Romanishin Oleg M 2575 - Smagin Sergey 2585 ,
Essen 2001 It (cat.15) } ) ( 7...Nxd4 8.e3 Nc6 9.Bxc6+ bxc6 10.Qxd8+ Kxd8
11.Nxf7+ Ke8 12.Nxh8 Be7 13.Nd2 Kf8 14.Nxc4 Ba6 15.Ne5 Bxf1 16.Kxf1 Kg8
17.Nhf7 h6 18.b3 a5 19.Bb2 a4 20.Rd1 axb3 21.axb3 Ra2 22.Bc3 Ne4 23.Be1 Bf6
24.f3 { 1-0, Karasev Vladimir I 2446 - Davydov Andrey 2193 , St. Petersburg
2002 It (open) "White Nights" (2) } ) 8.Nxc6 bxc6 9.Na3 { } ( 9.dxc5 Bxc5
10.Qa4 Qb6 11.Nd2 Ba6 12.Nxc4 Qb5 13.Qxb5 cxb5 14.Ne5 b4 15.Rd1 Bb7 16.Bd2 Be7
17.Rac1 a5 18.e4 Nf6 19.Bg5 Bd8 20.Nc4 O-O 21.Nd6 Rb8 22.Nxb7 Rxb7 23.e5 Rb5
24.Rc8 Bb6 25.Rxf8+ Kxf8 26.exf6 Rxg5 27.Rd6 Rb5 28.Bf1 Bc7 { ...1-0,
Savchenko Stanislav 2580 - Galliamova Alisa 2475 , Azov 1996 Ch Russia (club)
} ) ( 9.Nc3 Be7 10.dxc5 Qa5 11.Nxd5 exd5 12.e4 dxe4 13.Bf4 O-O 14.Qc2 h6
15.Bxh6 Rb8 16.Bxe4 Qxc5 17.Be3 Qa5 18.Bd4 { 1/2-1/2, Petrosian Tigran V 2635
- Tal Mikhail, Biel 1976 Izt (cat.12) } ) 9...c3 { N } ( 9...Ba6 10.Qa4 Qb6 (
10...Qc8 11.Nxc4 cxd4 12.Ne5 Bd6 13.Nxc6 O-O 14.Bxd5 exd5 15.Bf4 Bb7 16.Rac1
Qd7 17.Bxd6 Qxd6 18.Nxd4 Qe5 19.Rc3 h5 20.h4 Bc8 21.Rfc1 Bg4 22.Re3 Qb8 23.b3
Qd8 24.Rc5 Rc8 25.Nc6 Qf6 26.Ne7+ Kh7 27.Nxc8 Qa1+ 28.Kh2 Bxc8 29.Rxd5 {
...1-0, Cosma Ioan 2475 - Florescu Codrut 2320 , Bucharest 1998 Ch Romania } )
11.dxc5 Bxc5 12.Nxc4 Qb5 13.Qxb5 Bxb5 14.b3 Bd4 ( 14...O-O 15.Bb2 f6 16.Rfc1
Be7 17.Na5 c5 18.a4 Ba6 19.Nc6 Bd6 20.e4 Nb6 21.a5 Nc8 22.e5 fxe5 23.Nxe5 Rb8
24.Nd7 Rxb3 25.Nxf8 Bxf8 26.Ba3 c4 27.Bxf8 Kxf8 28.Bh3 Nd6 29.Bxe6 { ...1-0,
Polaczek Richard 2420 - Donk Merlijn Silvester 2315 , Antwerpen 1996 It (open)
(active) } ) 15.Rb1 O-O 16.Bd2 Bc3 17.Bxc3 Nxc3 18.Rb2 Nd5 19.Na5 Rab8 20.Rc1
Rb6 21.a3 Ra6 22.b4 Rb8 23.Rbc2 h6 24.e4 Ne7 25.Rd2 Kf8 26.Rcd1 f6 27.Rc1 e5
28.h4 Ke8 29.f3 { ...1-0, Garcia Ilundain David 2485 - Vehi Bach Victor M 2390
, Linares 1998 Ch Spain } ) 10.e4 Nb6 11.bxc3 Ba6 12.e5 Rc8 13.Re1 cxd4
14.cxd4 c5 15.d5 exd5 16.e6 Be7 17.exf7+ { ! } ( 17.Qg4 O-O 18.Bh6 g6 19.Bxf8
{ } ) 17...Kxf7 18.Rb1 { ! } ( 18.Bb2 Re8 19.Qh5+ Kg8 20.Bh3 { } ) 18...Bf6 {
?? } ( { ? } 18...Rc6 19.Nb5 Qd7 20.a4 Bxb5 { } ) 19.Rxb6 axb6 20.Qh5+ Kf8
21.Bxd5 { } {#r} 1-0

[Event "It (open)"]
[Site "masterchessopen.com Gent (Belgium)"]
[Date "2004.07.19"]
[Round "0"]
[White "Pedersen Nicolai Vesterbaek (DEN)"]
[Black "Van Der Stricht Geert (BEL)"]
[Result "1/2-1/2"]
[WhiteElo "2466"]
[BlackElo "2413"]

1.d4 Nf6 2.c4 e6 3.g3 d5 4.Nf3 dxc4 5.Bg2 c5 6.O-O Nc6 7.dxc5 Qxd1 8.Rxd1 Bxc5
9.Nbd2 c3 10.bxc3 Bd7 11.Nb3 Bb6 12.Nfd4 O-O 13.Ba3 Rfc8 14.Nb5 Nd8 15.Nd6
{#d} 1/2-1/2

[Event "Extra League 2004"]
[Site "masterchessopen.com Dzwirzyno (Poland)"]
[Round "0"]
[White "Miton Kamil (POL)"]
[Black "Urban Klaudiusz (POL)"]
[Result "1/2-1/2"]
[WhiteElo "2600"]
[BlackElo "2520"]

1.d4 Nf6 2.c4 e6 3.Nf3 d5 4.g3 dxc4 5.Bg2 c5 6.O-O Nc6 7.dxc5 Qxd1 8.Rxd1 Bxc5
9.Nbd2 c3 10.bxc3 Bd7 11.Nb3 Be7 12.Bg5 Rc8 13.Nfd4 O-O 14.Bxf6 Bxf6 15.Nc5
Nxd4 16.cxd4 Bb5 17.e3 Rxc5 18.dxc5 Bxa1 19.Rxa1 Rc8 20.Bxb7 {#d} 1/2-1/2

[Event "Ch SCG (team)"]
[Site "masterchessopen.com Budva (Yugoslavia)"]
[Date "2004.09.13"]
[Round "6"]
[White "Blagojevic Dragisa (MNE)"]
[Black "Savanovic Aleksandar (BIH)"]
[Result "1/2-1/2"]
[WhiteElo "2527"]
[BlackElo "2408"]

1.d4 d5 2.c4 e6 3.Nf3 Nf6 4.g3 dxc4 5.Bg2 c5 6.O-O Nc6 7.dxc5 Qxd1 8.Rxd1 Bxc5
9.Nbd2 c3 10.bxc3 O-O 11.Nb3 Be7 12.c4 Bd7 13.Bb2 Rfd8 14.Ne5 Rac8 15.Nd3 b6
16.c5 Be8 17.cxb6 axb6 18.Rdc1 Nd5 19.Bf3 {#d} 1/2-1/2

[Event "It \"]
[Site "masterchessopen.com Werther (Germany)"]
[Date "2005.03.18"]
[Round "1"]
[White "Madsen Dag (NOR)"]
[Black "Schmidt Oliver (GER)"]
[Result "1/2-1/2"]
[WhiteElo "2301"]
[BlackElo "2090"]

1.Nf3 Nf6 2.c4 e6 3.g3 d5 4.d4 dxc4 5.Bg2 c5 6.O-O Nc6 7.Qa4 Bd7 8.Qxc4 b5
9.Qd3 Rc8 10.Nc3 cxd4 11.Nxd4 Nxd4 12.Qxd4 Bc5 13.Qd1 b4 14.Na4 Be7 15.b3 O-O
16.Bb7 Rc7 17.Bf3 Bb5 {#d} 1/2-1/2

[Event "It (open)"]
[Site "masterchessopen.com Avoine (France)"]
[Date "2006.07.26"]
[Round "5"]
[White "Gendre Pascal (FRA)"]
[Black "Schwarzat Julian (GER)"]
[Result "1/2-1/2"]
[WhiteElo "2037"]
[BlackElo "2017"]

1.d4 d5 2.c4 dxc4 3.Nf3 Nf6 4.g3 e6 5.Bg2 c5 6.O-O Nbd7 7.Qa4 a6 8.Nc3 Be7
9.dxc5 Bxc5 10.Ne5 O-O 11.Nxd7 Qxd7 12.Qxc4 Qe7 13.Bg5 Ba7 14.Qh4 h6 15.Bxf6
Qxf6 16.Qxf6 gxf6 17.Ne4 f5 18.Nd6 Rb8 19.Rac1 a5 20.Rc2 b5 21.Nxc8 {#d}
1/2-1/2

[Event "It (open)"]
[Site "masterchessopen.com Tatranske Zruby (Slovakia)"]
[Date "2006.09.26"]
[Round "5"]
[White "Volodin Viktor (RUS)"]
[Black "Kolosowski Mateusz (POL)"]
[Result "1/2-1/2"]
[WhiteElo "2236"]
[BlackElo "2189"]

1.Nf3 d5 2.d4 Nf6 3.c4 e6 4.g3 dxc4 5.Bg2 c5 6.O-O Nc6 7.Qa4 Bd7 8.Qxc4 b5
9.Qd3 Rc8 10.dxc5 Bxc5 11.Nc3 b4 12.Ne4 Nxe4 13.Qxe4 Qe7 14.Be3 Bxe3 15.Qxe3
O-O 16.Rac1 Qf6 17.Rc2 a5 18.Rfc1 a4 {#d} 1/2-1/2

[Event "NRW-liga 2006/07"]
[Site "masterchessopen.com Germany"]
[Date "2006.11.26"]
[Round "3"]
[White "Rohde Ulrich (GER)"]
[Black "Balduan Markus (GER)"]
[Result "1/2-1/2"]
[WhiteElo "2230"]
[BlackElo "2317"]

1.c4 Nf6 2.Nf3 e6 3.g3 d5 4.d4 dxc4 5.Bg2 c5 6.O-O Nc6 7.Ne5 Bd7 8.Na3 cxd4
9.Naxc4 Be7 10.Bf4 Nd5 11.Nxc6 Bxc6 12.Qxd4 O-O 13.Rfd1 Nxf4 14.Qxf4 Qe8
15.Nd6 Bxd6 16.Qxd6 {#d} 1/2-1/2

[Event "It (open)"]
[Site "masterchessopen.com Panevezys (Lithuania)"]
[Date "2007.08.22"]
[Round "7"]
[White "Vaitonis Vytautas (LTU)"]
[Black "Dambrauskaite Vilma (LTU)"]
[Result "1/2-1/2"]
[WhiteElo "2093"]
[BlackElo "2019"]

1.d4 d5 2.Nf3 Nf6 3.c4 e6 4.g3 dxc4 5.Bg2 c5 6.Qa4+ Nbd7 7.dxc5 Bxc5 8.O-O O-O
9.Qxc4 Qe7 10.Qc2 h6 11.Nc3 Nb6 12.e4 Rd8 13.e5 Nfd5 14.Ne4 Nd7 15.a3 a5 16.b3
b5 17.Bb2 Ba6 18.Rfe1 b4 19.a4 Rac8 20.Rac1 Rc7 {#d} 1/2-1/2

[Event "Ch Hamburg (open)"]
[Site "masterchessopen.com Hamburg (Germany)"]
[Date "2008.05.16"]
[Round "8"]
[White "Ftacnik Lubomir (SVK)"]
[Black "Adly Ahmed (EGY)"]
[Result "1/2-1/2"]
[WhiteElo "2571"]
[BlackElo "2586"]

1.d4 d5 2.c4 e6 3.Nf3 Nf6 4.g3 dxc4 5.Bg2 c5 6.O-O Nc6 7.Ne5 Bd7 8.Na3 cxd4
9.Naxc4 Bc5 10.Qb3 Nxe5 11.Nxe5 Qb6 12.Qxb6 Bxb6 13.Bxb7 Rb8 14.Bf3 Nd5 15.Bd2
f6 16.Nxd7 Kxd7 17.Rfc1 Kd6 18.Rc4 Rhc8 19.Rac1 Rxc4 20.Rxc4 Bc5 {#d} 1/2-1/2

[Event "It (open)"]
[Site "masterchessopen.com Dortmund (Germany)"]
[Date "2008.07.01"]
[Round "3"]
[White "Kahleys Kevin (GER)"]
[Black "Marquardt Benedikt (GER)"]
[Result "1/2-1/2"]
[WhiteElo "1977"]
[BlackElo "2117"]

1.d4 Nf6 2.c4 e6 3.g3 d5 4.Bg2 dxc4 5.Nf3 c5 6.O-O Nc6 7.Qa4 Bd7 8.Qxc4 cxd4
9.Nxd4 Rc8 10.Nxc6 Bxc6 11.Bxc6+ Rxc6 12.Qa4 Bc5 13.Nc3 Qb6 14.Bg5 O-O 15.Bxf6
gxf6 16.Qg4+ Kh8 17.Ne4 f5 18.Qh4 fxe4 19.Qf6+ {#d} 1/2-1/2

[Event "It (open) (b)"]
[Site "masterchessopen.com Dortmund (Germany)"]
[Date "2008.07.05"]
[Round "8"]
[White "Ropers Klaus (GER)"]
[Black "Eckert Marius"]
[Result "1-0"]
[WhiteElo "1887"]
[BlackElo "1577"]

1.d4 d5 2.Nf3 Nf6 3.c4 e6 4.g3 dxc4 5.Bg2 c5 6.Qa4+ Nc6 7.Ne5 Qa5+ 8.Qxa5 Nxa5
9.Bd2 Nb3 10.axb3 cxb3 11.dxc5 Bxc5 12.Bc3 O-O 13.Nd2 Rd8 14.Nxb3 Bb6 15.O-O
Bd7 16.Rfd1 Be8 17.Na5 {#r} 1-0

[Event "Ch Switzerland (open)"]
[Site "masterchessopen.com Samnaun (Switzerland)"]
[Date "2008.07.12"]
[Round "3"]
[White "Ulibin Mikhail (RUS)"]
[Black "Grinfeld Alla B (USA)"]
[Result "1-0"]
[WhiteElo "2521"]
[BlackElo "2259"]

1.c4 e6 2.Nf3 Nf6 3.g3 d5 4.d4 dxc4 5.Bg2 c5 6.O-O a6 7.dxc5 Qxd1 8.Rxd1 Nc6
9.Nbd2 Bxc5 10.Nxc4 Ng4 11.Nd6+ Ke7 12.Ne4 Ba7 13.b3 b5 14.Ba3+ b4 15.Rac1
bxa3 16.Rxc6 Bb8 17.Nd4 Bd7 18.Nc5 Be5 19.Nxd7 Bxd4 20.Rxd4 {#r} 1-0

[Event "Ch Slovenia (team)"]
[Site "masterchessopen.com Murska Sobota (Slovenia)"]
[Date "2008.12.09"]
[Round "4"]
[White "Zupe Miran (SLO)"]
[Black "Sakelsek Tadej (SLO)"]
[Result "1/2-1/2"]
[WhiteElo "2349"]
[BlackElo "2403"]

1.c4 Nf6 2.Nf3 Ng8 3.Ng1 Nf6 4.Nf3 e6 5.g3 d5 6.d4 dxc4 7.Bg2 c5 8.Qa4+ Bd7
9.Qxc4 Bc6 10.O-O Nbd7 11.Bg5 Rc8 12.Nc3 cxd4 13.Qxd4 Bc5 14.Qh4 O-O 15.Rad1
h6 16.Bxf6 Qxf6 17.Qxf6 Nxf6 18.Ne5 Bxg2 19.Kxg2 Bb4 20.Nd7 Nxd7 21.Rxd7 Bxc3
{#d} 1/2-1/2

[Event "Ch Slovenia (team)"]
[Site "masterchessopen.com Murska Sobota (Slovenia)"]
[Date "2008.12.12"]
[Round "7"]
[White "Tratar Marko (SLO)"]
[Black "Grosar Aljosa (SLO)"]
[Result "1/2-1/2"]
[WhiteElo "2507"]
[BlackElo "2417"]

1.Nf3 Nf6 2.d4 e6 3.c4 d5 4.g3 dxc4 5.Bg2 c5 6.O-O Nc6 7.Ne5 Bd7 8.Na3 cxd4
9.Naxc4 Rc8 10.Qb3 Nxe5 11.Nxe5 Bc6 12.Nxc6 bxc6 13.Rd1 c5 14.e3 Bd6 15.exd4
c4 16.Qb5+ {#d} 1/2-1/2

[Event "Zt"]
[Site "masterchessopen.com Ho Chi Minh City (Vietnam)"]
[Date "2009.07.26"]
[Round "6"]
[White "Tu Hoang Thai (VIE)"]
[Black "Tran Ngoc Lan (VIE)"]
[Result "1/2-1/2"]
[WhiteElo "2405"]
[BlackElo "2176"]

1.d4 d5 2.Nf3 Nf6 3.c4 e6 4.g3 dxc4 5.Bg2 c5 6.Qa4+ Bd7 7.Qxc4 Bc6 8.dxc5 Nbd7
9.Be3 Bd5 10.Qa4 Bc6 11.Qc4 Bd5 12.Qa4 Bc6 13.Qc4 Bd5 {#d} 1/2-1/2

[Event "It (open)"]
[Site "masterchessopen.com Stara Pazova (Serbia)"]
[Date "2009.07.28"]
[Round "4"]
[White "Ilincic Zlatko (SRB)"]
[Black "Michalik Peter (SVK)"]
[Result "1/2-1/2"]
[WhiteElo "2479"]
[BlackElo "2428"]

1.d4 Nf6 2.c4 e6 3.Nf3 d5 4.g3 dxc4 5.Bg2 c5 6.O-O Nc6 7.Qa4 cxd4 8.Nxd4 Qxd4
9.Bxc6+ Bd7 10.Rd1 Bxc6 11.Qxc6+ bxc6 12.Rxd4 Nd5 13.Rxc4 c5 14.b3 Be7 15.Bb2
O-O 16.Nd2 Rfd8 17.Nf3 a5 18.Ne5 Rdc8 19.Rac1 Nb6 20.R4c2 a4 {#d} 1/2-1/2

[Event "It (open) \"]
[Site "masterchessopen.com Kemerovo (Russia)"]
[Date "2009.08.23"]
[Round "3"]
[White "Nevostrujev Vladimir (RUS)"]
[Black "Kljucharev Sergey (RUS)"]
[Result "1/2-1/2"]
[WhiteElo "2508"]
[BlackElo "2397"]

1.Nf3 d5 2.d4 Nf6 3.c4 e6 4.g3 dxc4 5.Bg2 c5 6.O-O Nc6 7.dxc5 Qxd1 8.Rxd1 Bxc5
9.Nc3 Bd7 10.Bg5 Rc8 11.Rd2 e5 12.Bxf6 gxf6 13.Rxd7 Kxd7 14.Bh3+ Kc7 15.Nd5+
Kd6 16.Nxf6 Nd4 17.Ne4+ Ke7 18.Nxe5 {#d} 1/2-1/2

[Event "It (c)"]
[Site "masterchessopen.com Elets (Russia)"]
[Date "2009.09.15"]
[Round "5"]
[White "Moiseenko Vladimir (RUS)"]
[Black "Popova Anna (RUS)"]
[Result "1-0"]
[WhiteElo "2404"]
[BlackElo "1731"]

1.d4 Nf6 2.Nf3 d5 3.c4 dxc4 4.g3 e6 5.Bg2 c5 6.O-O Nc6 7.Qa4 cxd4 8.Ne5 Nd5
9.Nxc6 Qd7 10.Qxc4 Qxc6 11.Qxd4 Qc5 12.Qd1 Be7 13.e4 Nb4 14.Nc3 O-O 15.Be3 Qc4
16.Qa4 Rd8 17.Rfd1 Bd6 18.Rxd6 Rxd6 19.Qe8# 1-0

[Event "Ch Europe (team) (w)"]
[Site "masterchessopen.com Novi Sad (Serbia)"]
[Date "2009.10.26"]
[Round "5"]
[White "Javakhishvili Lela (GEO)"]
[Black "Zhukova Natalia (UKR)"]
[Result "1/2-1/2"]
[WhiteElo "2470"]
[BlackElo "2465"]

1.d4 d5 2.c4 e6 3.Nf3 Nf6 4.g3 dxc4 5.Bg2 c5 6.Nc3 Nc6 7.Qa4 cxd4 8.Nxd4 Qxd4
9.Bxc6+ Bd7 10.Bxd7+ Qxd7 11.Qxc4 Rc8 12.Qb3 Bc5 13.O-O h6 14.Na4 {#d} 1/2-1/2

[Event "Ch Belgium (team) 2009/10"]
[Site "masterchessopen.com Belgium"]
[Date "2009.11.08"]
[Round "3"]
[White "Vanheirzeele Daniel"]
[Black "Kegels Pascal (BEL)"]
[Result "1/2-1/2"]
[WhiteElo "2161"]
[BlackElo "2128"]

1.Nf3 Nf6 2.c4 e6 3.g3 d5 4.d4 dxc4 5.Bg2 c5 6.O-O Nc6 7.dxc5 Qxd1 8.Rxd1 Bxc5
9.Nbd2 c3 10.bxc3 O-O 11.Nb3 Be7 12.Bf4 Nd5 13.Bd2 Nb6 14.Be3 Nd5 15.Bd2 Nb6
{#d} 1/2-1/2

[Event "It \"]
[Site "masterchessopen.com Aschach (Austria)"]
[Date "2009.12.27"]
[Round "2"]
[White "Neff Gregor (AUT)"]
[Black "Sakelsek Tadej (SLO)"]
[Result "1/2-1/2"]
[WhiteElo "2147"]
[BlackElo "2400"]

1.d4 Nf6 2.c4 e6 3.g3 d5 4.Nf3 dxc4 5.Bg2 c5 6.O-O Nc6 7.Qa4 Bd7 8.dxc5 Bxc5
9.Qxc4 Be7 10.Nc3 O-O 11.Bg5 Qa5 12.Rfd1 Rfd8 13.Rac1 Rac8 14.Qb5 Qxb5 15.Nxb5
Bf8 16.Nc3 h6 17.Bf4 g5 18.Bd2 b6 19.h4 g4 {#d} 1/2-1/2

[Event "Memorial Tringov (open)"]
[Site "masterchessopen.com Plovdiv (Bulgaria)"]
[Date "2010.02.01"]
[Round "3"]
[White "Andonov Bogomil (BUL)"]
[Black "Antic Dejan (SRB)"]
[Result "1/2-1/2"]
[WhiteElo "2304"]
[BlackElo "2484"]

1.Nf3 Nf6 2.d4 e6 3.g3 d5 4.Bg2 c5 5.c4 dxc4 6.O-O Nc6 7.Qa4 Bd7 8.dxc5 Bxc5
9.Qxc4 Be7 10.Nc3 Rc8 11.Rd1 O-O 12.e4 Qa5 13.Qe2 Rfd8 14.Bd2 Qb6 15.Be3 Qa5
16.Bd2 {#d} 1/2-1/2

[Event "It (open)"]
[Site "masterchessopen.com Marrakesh (Morocco)"]
[Date "2010.07.01"]
[Round "8"]
[White "Mikhalevski Victor (ISR)"]
[Black "Maze Sebastien (FRA)"]
[Result "1/2-1/2"]
[WhiteElo "2610"]
[BlackElo "2572"]

1.d4 Nf6 2.c4 e6 3.g3 d5 4.Nf3 dxc4 5.Bg2 c5 6.O-O Nc6 7.dxc5 Qxd1 8.Rxd1 Bxc5
9.Nbd2 c3 10.bxc3 O-O 11.Nb3 Be7 12.Nfd4 Bd7 13.Bb2 Rac8 14.c4 Nxd4 15.Rxd4 b6
16.Rc1 Bc6 17.c5 Bxg2 18.Kxg2 bxc5 19.Rdc4 Nd7 20.a3 Rc6 {#d} 1/2-1/2

[Event "It (cat.6)"]
[Site "masterchessopen.com Brasschaat (Belgium)"]
[Date "2010.08.20"]
[Round "7"]
[White "De Schampheleire Glen (BEL)"]
[Black "Van Der Wiel John T H (NED)"]
[Result "1/2-1/2"]
[WhiteElo "2318"]
[BlackElo "2474"]

1.d4 Nf6 2.c4 e6 3.g3 d5 4.Bg2 dxc4 5.Nf3 c5 6.O-O Nc6 7.Qa4 Bd7 8.Qxc4 b5
9.Qd3 Rc8 10.dxc5 Bxc5 11.Nc3 b4 12.Nb5 O-O 13.Nd6 Rb8 14.Bg5 Qc7 15.Rfd1 Rfd8
16.Rac1 Qb6 17.Nc4 Qb5 18.a4 bxa3 19.Nxa3 Qxb2 20.Nc4 Qb5 21.Nce5 Nxe5 {#d}
1/2-1/2

[Event "Memorial Korensky"]
[Site "masterchessopen.com Tambov (Russia)"]
[Date "2010.08.24"]
[Round "4"]
[White "Kochkin Alexander G (RUS)"]
[Black "Sychev Vitaly (RUS)"]
[Result "1/2-1/2"]
[WhiteElo "2279"]
[BlackElo "2032"]

1.Nf3 d5 2.d4 Nf6 3.c4 e6 4.g3 dxc4 5.Bg2 c5 6.O-O Nc6 7.Qa4 Bd7 8.Qxc4 Qb6
9.dxc5 Qxc5 10.Na3 Na5 11.Qh4 Qb4 12.Qxb4 Bxb4 13.Ne5 Ke7 14.Rd1 Rhd8 15.Bd2
Bxd2 16.Rxd2 Bc6 17.Nxc6+ Nxc6 18.Rc2 Nd5 19.Nc4 Rac8 20.Bxd5 {#d} 1/2-1/2

[Event "It (open)"]
[Site "masterchessopen.com Prague (Czech Republic)"]
[Date "2011.01.14"]
[Round "9"]
[White "Cifka Stanislav (CZE)"]
[Black "Simek Petr (CZE)"]
[Result "1-0"]
[WhiteElo "2409"]
[BlackElo "2301"]

1.d4 Nf6 2.c4 e6 3.Nf3 d5 4.g3 dxc4 5.Bg2 c5 6.Qa4+ Bd7 7.Qxc4 Nc6 8.dxc5 Qa5+
9.Nbd2 Qxc5 10.O-O Rc8 11.Rd1 Be7 12.Qxc5 Bxc5 13.Nc4 Ke7 14.Nfe5 Be8 15.Nd3
Nd4 16.Bxb7 Rc7 17.Kf1 Nc2 18.Bf4 {#r} 1-0

[Event "It (open) \"]
[Site "masterchessopen.com Ostrava (Czech Republic)"]
[Date "2011.05.06"]
[Round "7"]
[White "Kozak Milos (CZE)"]
[Black "Chlevistan Jakub (CZE)"]
[Result "1/2-1/2"]
[WhiteElo "2191"]
[BlackElo "2161"]

1.d4 Nf6 2.c4 e6 3.g3 d5 4.Nf3 dxc4 5.Bg2 c5 6.O-O Nc6 7.dxc5 Qxd1 8.Rxd1 Bxc5
9.Nbd2 c3 10.bxc3 O-O 11.Ne1 Rd8 12.Nd3 Be7 13.Bb2 Bd7 14.Rab1 Rac8 15.Ba1 b6
16.Nb3 {#d} 1/2-1/2